Nákupné štýly mladej generácie

Nákupné správanie spotrebiteľov je zložitý proces, v pozadí ktorého stojí viacero zdanlivo nesúvisiacich premenných. Pochopenie tohto procesu je dôležité pre marketing všetkých subjektov stojacich na strane ponuky, pretože ich stimuly môžu v danej situácii rozhodnúť, či si spotrebiteľ vyberie práve...

Ausführliche Beschreibung

Gespeichert in:
Bibliographische Detailangaben
1. Verfasser: Vokounová, Dana, 1962-
Format: Buchkapitel
Sprache:Slowakisch
Schlagworte:
Tags: Tag hinzufügen
Keine Tags, Fügen Sie das erste Tag hinzu!

MARC

LEADER 00000naa a2200000 4500
001 0256273
005 20240502074057.0
041 0 |a slo 
044 |a SK 
245 1 0 |a Nákupné štýly mladej generácie  |c Dana Vokounová 
520 |a Nákupné správanie spotrebiteľov je zložitý proces, v pozadí ktorého stojí viacero zdanlivo nesúvisiacich premenných. Pochopenie tohto procesu je dôležité pre marketing všetkých subjektov stojacich na strane ponuky, pretože ich stimuly môžu v danej situácii rozhodnúť, či si spotrebiteľ vyberie práve ich produkt. CSI Consumer Styles Inventory ako nástroj slúžiaci na identifikovanie nákupných štýlov a predstavuje ho súbor tvrdení o spôsoboch nakupovania, ktoré boli testované v mnohých krajinách. Pohľad na nákupné štýly mladých ľudí, ktoré používajú pri nákupe oblečenia. 
610 2 0 |a správanie spotrebiteľa 
610 2 0 |a zvyklosti obchodné 
610 2 0 |a rozhodovanie nákupné 
610 2 0 |a zvyklosti kultúrne 
610 2 0 |a tovar spotrebný 
610 2 0 |a odevy 
610 2 0 |a marketing 
100 1 |a Vokounová, Dana, 1962-